| 000 | 00683nam a2200205 4500 | ||
|---|---|---|---|
| 999 |
_c165227 _d165227 |
||
| 005 | 20190612113534.0 | ||
| 010 | _aENG-125539 | ||
| 020 |
_a9789353164720 _c425.00 |
||
| 035 | _aEN-109071 | ||
| 037 | _bDBAD/PUB | ||
| 082 | _a621.37 | ||
| 100 | _aSalivahanan, S | ||
| 245 |
_aMeasuring and instrumentation / _cby S Salivahanan, R Rengaraj [and] GR Venkatakrishnan |
||
| 260 |
_aChennai _bMcGraw Hill Education _c2019 |
||
| 270 |
_a444/1, Sri Ekambara Naicker Industrial Estate _bAlapakkam, Porur, Chennai _e600116 _k18001035875 |
||
| 300 |
_axvi, 344p. _c24cm(pbk) |
||
| 700 | _aRengaraj, R | ||
| 700 | _aVenkatakrishnan, GR | ||
| 942 |
_2ddc _cEN _h621.37 _mSAL |
||